Normes d'ús de la marca de la Diputació de Barcelona : col·laboracions i convivència amb altres entitats o empreses : projectes editorials col·laboracions i convivència amb altres entitats o empreses :

Publicado: Barcelona : Diputació de Barcelona , 2004
Descripción Física: 4 p. plegades : il. col. ; 30 cm

MARC

LEADER 00000nam a2200000Ia 4500
001 20926
008 160829s2004 xx 000 0 cat d
080 |a FU-23-35 
245 |a Normes d'ús de la marca de la Diputació de Barcelona :  |b  col·laboracions i convivència amb altres entitats o empreses :  |b  projectes editorials 
260 |a Barcelona :  |b Diputació de Barcelona,  |c 2004 
300 |a 4 p. plegades :  |b  il. col. ;  |c 30 cm 
610 1 0 |a Barcelona (Catalunya : Província).  |b Diputació  |9 52408 
650 |a Imatge corporativa  |9 22160 
710 1 |a Barcelona (Catalunya : Província).  |b Diputació  |9 52408 
901 |a Arxiu 
942 |n 1 
952 |0 0  |1 0  |4 0  |6 FU2335  |7 1  |9 52097  |a Arxiu  |b Arxiu  |d 2016-12-01  |l 0  |o FU-23-35  |p 20926  |r 2016-12-01 00:00:00  |w 2016-12-01  |y ARXIU 
999 |c 55945  |d 55945